000 00677nam a2200205 i 4500
001 89167
003 ES-MaACL
005 20250815075815.0
007 t|
008 050105s1971 sp ||||1| spa d
100 1 _aLange, Oskar.
_970026
245 1 0 _aTeoría general de la programación /
_cOskar Lange ; traducción de Melitón Bustamante Ortíz.
260 _aBarcelona, etc. :
_bAriel,
_c[1971]
300 _a410 p. ;
_c19 cm.
490 1 _aBiblioteca Ciencia Económica
700 1 _aBustamante Ortiz, Melitón.
_932877
830 0 0 _aBiblioteca de ciencia económica (Ariel)
_9184105
852 _aES-MaACL
_jC-42465
_bR.80493
999 _c89167
_d89167